Advanced Physics (Record no. 221468)
[ view plain ]
| 000 -LEADER | |
|---|---|
| fixed length control field | 01238nam a22002897a 4500 |
| 005 - DATE AND TIME OF LATEST TRANSACTION | |
| control field | 20220210162303.0 |
| 008 - FIXED-LENGTH DATA ELEMENTS--GENERAL INFORMATION | |
| fixed length control field | 220210b ||||| |||| 00| 0 eng d |
| 020 ## - INTERNATIONAL STANDARD BOOK NUMBER | |
| International Standard Book Number | 0719576695 |
| 040 ## - CATALOGING SOURCE | |
| Transcribing agency | Aloy |
| 041 ## - LANGUAGE CODE | |
| Language code of text/sound track or separate title | eng |
| 082 ## - DEWEY DECIMAL CLASSIFICATION NUMBER | |
| Edition number | 23 |
| Classification number | 530 |
| Item number | DUNA |
| 100 ## - MAIN ENTRY--PERSONAL NAME | |
| Personal name | Tom Duncan |
| 100 ## - MAIN ENTRY--PERSONAL NAME | |
| 9 (RLIN) | 19061 |
| 245 ## - TITLE STATEMENT | |
| Title | Advanced Physics |
| 250 ## - EDITION STATEMENT | |
| Edition statement | 5th ed. |
| 260 ## - PUBLICATION, DISTRIBUTION, ETC. | |
| Place of publication, distribution, etc. | London: |
| Name of publisher, distributor, etc. | John Murray, |
| Date of publication, distribution, etc. | 2004 |
| 300 ## - PHYSICAL DESCRIPTION | |
| Extent | ix,587 p. |
| Other physical details | PB |
| Dimensions | 27x21 cm. |
| 365 ## - TRADE PRICE | |
| Source of price type code | Physics |
| Price type code | ABDI/0543/22 |
| Price amount | 34.50 |
| Currency code | £ |
| Unit of pricing | 46.00 |
| Price note | 25% |
| Price effective from | 07-02-2022 |
| 520 ## - SUMMARY, ETC. | |
| Summary, etc. | This A Level Physics textbook covers all the requirements of the AS and A2 Physics specifications. This fifth edition has been updated to include: revisions to the content to reflect changing AS and A Level specifications; a new chapter on cosmology and astrophysics; revisions to text and photographs to ensure that examples are up-to-date; updated examination questions from recent past papers; samples of the use of spreadsheets and dataloggers; and the use of full colour throughout.<br/> |
| 650 ## - SUBJECT ADDED ENTRY--TOPICAL TERM | |
| Topical term or geographic name entry element | Physics |
| 9 (RLIN) | 19048 |
| 650 ## - SUBJECT ADDED ENTRY--TOPICAL TERM | |
| Topical term or geographic name entry element | Materials |
| 9 (RLIN) | 19049 |
| 650 ## - SUBJECT ADDED ENTRY--TOPICAL TERM | |
| Topical term or geographic name entry element | Mechanics |
| 9 (RLIN) | 19050 |
| 650 ## - SUBJECT ADDED ENTRY--TOPICAL TERM | |
| Topical term or geographic name entry element | Fields |
| 9 (RLIN) | 19051 |
| 650 ## - SUBJECT ADDED ENTRY--TOPICAL TERM | |
| Topical term or geographic name entry element | Waves |
| 9 (RLIN) | 19052 |
| 650 ## - SUBJECT ADDED ENTRY--TOPICAL TERM | |
| Topical term or geographic name entry element | Atoms |
| 9 (RLIN) | 19053 |
| 700 ## - ADDED ENTRY--PERSONAL NAME | |
| Personal name | DUNCAN (Tom) |
| 9 (RLIN) | 19054 |
| 942 ## - ADDED ENTRY ELEMENTS (KOHA) | |
| Source of classification or shelving scheme | Dewey Decimal Classification |
| Koha item type | Book |
| Withdrawn status | Lost status | Source of classification or shelving scheme | Damaged status | Not for loan | Collection code | Home library | Current library | Date acquired | Source of acquisition | Cost, normal purchase price | Total Checkouts | Full call number | Barcode | Date last seen | Cost, replacement price | Price effective from | Koha item type |
|---|---|---|---|---|---|---|---|---|---|---|---|---|---|---|---|---|---|
| Dewey Decimal Classification | Physics | St Aloysius Library | St Aloysius Library | 02/10/2022 | Academic Book Distributors, Ramanagaram, Karnataka-562159 | 3636.48 | 530 DUNA | 075413 | 02/10/2022 | 4848.40 | 02/10/2022 | Book |